Statistics for Baroque Painters

Click here to take the quiz!

General Stats

  • This quiz has been taken 17 times
  • The average score is 7 of 16

Answer Stats

Answer% Correct
Caravaggio
89%
Diego Velazquez
67%
Antoon van Dyck
44%
Caravaggio
44%
Francisco de Zurbaran
44%
Frans Hals
44%
Georges de La Tour
44%
Johannes Vermeer
44%
Peter Paul Rubens
44%
Rembrandt
44%
Rembrandt
44%
Bartolomé E. Murillo
33%
Diego Velazquez
22%
Nicolas Poussin
22%
Peter Paul Rubens
22%
Jusepe de Ribera
11%

Score Distribution

Percentile by Number Answered

Percent of People with Each Score

Your Score History

You have not taken this quiz